One Hundred and One Fantastic Low-carb Recipes : (Record no. 606865)

MARC details
000 -LEADER
fixed length control field 00516nam a2200193 a 4500
001 - CONTROL NUMBER
control field 1767359860536
003 - CONTROL NUMBER IDENTIFIER
control field ACL
005 - DATE AND TIME OF LATEST TRANSACTION
control field 20260102184958.0
008 - FIXED-LENGTH DATA ELEMENTS--GENERAL INFORMATION
fixed length control field 260102s2006##################000#0#eng##
020 ## - INTERNATIONAL STANDARD BOOK NUMBER
International Standard Book Number 9781844832583
082 04 - DEWEY DECIMAL CLASSIFICATION NUMBER
Classification number 641.56383
Item number GRA
040 ## - CATALOGING SOURCE
Original cataloging agency ACL
Language of cataloging eng
Transcribing agency ACL
100 1# - MAIN ENTRY--PERSONAL NAME
Personal name Graimes, Nicola,
Relator term author.
245 10 - TITLE STATEMENT
Title One Hundred and One Fantastic Low-carb Recipes :
260 ## - PUBLICATION, DISTRIBUTION, ETC.
Name of publisher, distributor, etc. Duncan Baird Publishers,
Date of publication, distribution, etc. 2006.
300 ## - PHYSICAL DESCRIPTION
Extent 101 pages
650 #0 - SUBJECT ADDED ENTRY--TOPICAL TERM
Topical term or geographic name entry element Low-carbohydrate diet.
942 ## - ADDED ENTRY ELEMENTS (KOHA)
Koha item type English Books
Holdings
Withdrawn status Lost status Damaged status Not for loan Home library Current library Shelving location Date acquired Total Checkouts Full call number Barcode Date last seen Price effective from Koha item type
        Anna Centenary Library Anna Centenary Library 6TH FLOOR, A WING 02.01.2026   641.56383 GRA 333029 02.01.2026 02.01.2026 English Books

Find us on the map